What investors really want : discover what drives investor behavior and make smarter financial decisions /

Bibliographic Details
Main Author: Statman, Meir
Format: Book
Published: New York: McGraw-Hill, 2011.
Subjects:
LEADER 00800cam a2200217 7i4500
001 0000012879
005 20151104090000.0
005 ##20151104113700.0
003 ##MY-KlINT
020 # # |a 9780071741651  
039 # 9 |y 201511041137  |z VLOAD 
090 0 0 |a 332.6019   |b STA 
100 1 # |a Statman, Meir 
245 1 0 |a What investors really want :   |b discover what drives investor behavior and make smarter financial decisions /   |c Meir Statman. 
260 # # |a New York:   |b McGraw-Hill,   |c 2011. 
300 # # |a xviii, 286p;   |c 24cm. 
500 # # |a Includes bibliographical references and index 
500 # # |a Learn the lessons of behavioral finance--Dust jacket. 
650 # 0 |a Investments --   |x Psychological aspects  
650 # 0 |a Investment analysis --   |x Psychological aspects  
999 |a 1105066726  |b BOOK  |c Main Non-Fiction  |e INTAN BK